[Event "ICS rated standard match"]
[Site "207.99.5.190"]
[Date "1999.03.13"]
[Round "?"]
[White "TDChess"]
[Black "Hossa"]
[Result "1-0"]
[WhiteElo "2339"]
[BlackElo "2180"]
[Annotator "Crafty v16.5"]
[PlyCount "163"]

{annotating for player Hossa using a scoring margin of +0.10 pawns. search
time limit is 10.00} 1. e4 1... e5 2. Nf3 Nc6 3. Bb5 a6 4. Ba4 b5 5. Bb3 Be7 6.
a4 Bb7 ({8:-0.65} 6... Bb7 7. axb5 axb5 8. Rxa8 Bxa8 9. Nc3 b4 10. Nd5 Nd4 11.
Nxe5 Nxb3 12. cxb3 Bxd5 13. exd5 $14) ({8:-0.38} 6... Rb8 7. Bd5 Nf6 8. O-O Bb7
9. axb5 axb5 10. Nc3 Nxd5 11. Nxd5 $14) 7. O-O Nf6 8. d3 O-O 9. Nc3 b4 10. Nd5
Na5 11. c4 bxc3 12. Nxc3 Nxb3 13. Qxb3 Rb8 14. Qc4 Bd6 ({8:-0.13} 14... Bd6 15.
Bg5 Re8 16. Rac1 Qe7 17. Rfe1 Qe6 18. a5 Qxc4 19. dxc4 $10) ({8:-0.02} 14... d6
15. a5 c6 16. Ne2 d5 17. Qc3 dxe4 18. dxe4 18... Qd6 $10) 15. d4 exd4 16. Qxd4
Re8 ({8:-0.22} 16... Re8 17. e5 Bxf3 18. exd6 Bc6 19. dxc7 Qxc7 20. Bf4 Qb6 21.
Qc4 $10) ({8:-0.09} 16... Be7 17. Rd1 c5 18. Qe5 d6 19. Qf5 Qd7 20. Nh4 $10)
17. e5 Bxf3 18. exd6 Bc6 19. Qa7 Bb7 20. Bf4 c6 21. Rae1 Nh5 22. Bd2 Ba8 ({
9:-0.78} 22... Ba8 23. Re7 Rb7 24. Qc5 Nf6 25. b4 Rb8 26. Bg5 26... Ng4 $16) ({
9:-0.55} 22... Re6 23. Rxe6 fxe6 24. Bg5 Qc8 25. Ne4 Kf7 26. Qd4 a5 27. f3 $14)
23. Nd1 Bb7 24. Rxe8+ Qxe8 25. Re1 Qc8 26. Re7 Nf6 27. Bc3 Nd5 28. Rxd7 Qxd7
29. Qxb8+ Bc8 30. Ne3 Kh8 31. Nc4 f6 32. Bd2 Qf5 33. f3 Qb1+ 34. Kf2 Qf5 35.
Qa8 Qd7 36. b3 Kg8 37. Kg1 Qe8 38. Na5 Kf8 39. Kf1 Qe6 40. Nxc6 Qd7 41. Na7 Nb6
42. Qb8 Qb7 43. Qc7 Qxc7 44. dxc7 Be6 45. Ba5 Nc8 46. Nxc8 Bxc8 47. b4 Ke7 48.
b5 Kd6 49. Bb6 Kd5 50. bxa6 Bxa6+ 51. Ke1 Kc6 52. a5 f5 53. f4 Kd5 54. g3 h6
55. h4 Ke4 56. Kf2 g6 57. Kg2 Kd3 58. h5 gxh5 59. Kh3 Ke4 60. Kh4 Kf3 61. Bd4
Ke4 62. Be5 Kf3 63. Kxh5 Kxg3 64. Kxh6 Kf3 65. Kg6 Ke4 66. Kf6 Kd5 67. Kxf5 Bb7
68. Kg6 Ke6 69. f5+ Kxe5 70. a6 Bxa6 71. f6 Kd6 72. f7 Kxc7 73. f8=Q Bb7 74.
Qc5+ Bc6 75. Kf7 Kd7 76. Qe7+ Kc8 77. Ke6 Kb8 78. Kd6 Bf3 79. Qc7+ Ka8 80. Kc5
Be4 81. Kb6 Bf3 82. Qd8# 1-0

[Event "ICS rated standard match"]
[Site "207.99.5.190"]
[Date "1999.03.13"]
[Round "?"]
[White "Hossa"]
[Black "TDChess"]
[Result "0-1"]
[WhiteElo "2171"]
[BlackElo "2348"]
[Annotator "Crafty v16.5"]
[PlyCount "87"]

{annotating for player Hossa using a scoring margin of +0.10 pawns. search
time limit is 10.00} 1. e4 1... e6 2. d4 d5 3. Nc3 Bb4 4. exd5 exd5 5. Bd3 Nc6
6. Nge2 Bg4 7. a3 ({8:-0.21} 7. a3 7... Bxc3+ 8. bxc3 Nf6 9. f3 Be6 10. O-O O-O
11. Bf4 11... Re8 $10) ({8:-0.02} 7. f3 7... Be6 8. O-O Nf6 9. Be3 O-O 10. Nf4
Qe7 11. Nxe6 11... Qxe6 $10) 7... Bxc3+ 8. bxc3 Qe7 9. Rb1 O-O-O 10. O-O Nf6
11. Re1 Rhe8 12. Qd2 h6 13. Bb2 Na5 14. Ng3 Qf8 15. Qf4 Nc4 16. Bxc4 dxc4 17.
Re5 Be6 18. Rbe1 Kb8 19. Ne4 Nd7 20. Rb5 Nb6 21. Nc5 ({8:-0.16} 21. Nc5 21...
Bd5 22. Re3 Qd6 23. Qg4 Rxe3 24. fxe3 c6 25. Rb4 $10) ({8:-0.04} 21. Re5 21...
g5 22. Qe3 Nd7 23. Rb5 f5 24. Nc5 Nxc5 25. Rxc5 $10) 21... Bd5 22. Re3 Rxe3 23.
fxe3 Qe8 24. Rb4 ({9:-1.06} 24. Rb4 24... Bc6 25. Qg3 Nd5 26. Na6+ Kc8 27. e4
Qxe4 28. Rxc4 28... Qxc2 $17) ({9:-0.31} 24. Ra5 24... f5 25. Qf2 Rd6 26. Qxf5
Qxe3+ 27. Qf2 Qe7 28. Rb5 28... g5 $15) 24... Bc6 25. e4 g5 26. Qg3 Bxe4 27. a4
Bc6 28. Na6+ bxa6 29. a5 Bb5 30. axb6 axb6 31. Ba1 Qe2 32. Rb1 Qxc2 33. Rf1 f5
34. Qh3 Bc6 35. Rf2 Qb1+ 36. Rf1 Qa2 37. Re1 Re8 38. Rxe8+ Bxe8 39. Qf3 Qxa1+
40. Kf2 Ba4 41. h4 f4 42. hxg5 hxg5 43. d5 Bc2 44. Qe2 0-1

[Event "ICS rated bullet match"]
[Site "207.99.5.190"]
[Date "1999.03.13"]
[Round "?"]
[White "jo"]
[Black "Hossa"]
[Result "0-1"]
[WhiteElo "2138"]
[BlackElo "2365"]
[PlyCount "50"]

1. e4 c5 2. Nf3 Nc6 3. Bb5 Qb6 4. Bxc6 Qxc6 5. Nc3 Nf6 6. O-O Nxe4 7. Nxe4 Qxe4
8. Re1 Qg4 9. d4 cxd4 10. Nxd4 Qxd1 11. Rxd1 a6 12. c4 d6 13. a4 Bd7 14. a5 Rc8
15. b3 e6 16. f4 Be7 17. Be3 O-O 18. Rd2 d5 19. cxd5 exd5 20. f5 Bb4 21. Rdd1
Bc3 22. Ra2 Rfe8 23. Bf2 Bxd4 24. Rxd4 Rc1+ 25. Be1 25... Rexe1+ {jo resigns}
0-1

[Event "ICS rated bullet match"]
[Site "207.99.5.190"]
[Date "1999.03.13"]
[Round "?"]
[White "Hossa"]
[Black "jo"]
[Result "1-0"]
[WhiteElo "2372"]
[BlackElo "2131"]
[PlyCount "47"]

1. e4 c5 2. Bc4 e6 3. Nc3 Nc6 4. Nf3 Nf6 5. O-O d6 6. d4 Be7 7. dxc5 dxc5 8.
Qxd8+ Bxd8 9. Be3 b6 10. Bb5 Bd7 11. Rad1 Rc8 12. Ba6 Rb8 13. Bf4 e5 14. Nxe5
Nxe5 15. Bxe5 Rc8 16. Bxc8 Bxc8 17. Nb5 O-O 18. Nd6 Be6 19. Rd3 Be7 20. Nf5 Re8
21. Nxe7+ Rxe7 22. Rd8+ Ne8 23. Bd6 Rd7 24. Rxe8# {jo checkmated} 1-0

[Event "ICS rated blitz match"]
[Site "207.99.5.190"]
[Date "1999.03.13"]
[Round "?"]
[White "Hossa"]
[Black "jo"]
[Result "1-0"]
[WhiteElo "2555"]
[BlackElo "2488"]
[PlyCount "25"]

1. e4 c5 2. Bc4 e6 3. Nc3 d6 4. Nf3 Nc6 5. O-O Nf6 6. d4 cxd4 7. Nxd4 Be7 8.
Bb5 Bd7 9. Bxc6 bxc6 10. Nf3 e5 11. Bg5 O-O 12. Bxf6 g6 13. Bxe7 {jo resigns}
1-0

[Event "ICS rated blitz match"]
[Site "207.99.5.190"]
[Date "1999.03.13"]
[Round "?"]
[White "jo"]
[Black "Hossa"]
[Result "0-1"]
[WhiteElo "2475"]
[BlackElo "2568"]
[PlyCount "46"]

1. e4 c5 2. Nf3 Nf6 3. e5 Nd5 4. Bc4 Nb6 5. Be2 Qc7 6. O-O Nc6 7. a4 Nxe5 8. a5
Nbc4 9. b3 Nxf3+ 10. Bxf3 Nxa5 11. Bb2 e6 12. Re1 Bd6 13. Bxg7 Bxh2+ 14. Kh1
Rg8 15. Bc3 Nc6 16. Be4 h6 17. Qh5 Bd6 18. Bh7 Rg5 19. Qxh6 Be7 20. Be4 d5 21.
Bd3 Qf4 22. g3 Qf3+ 23. Kg1 23... Rh5 {jo resigns} 0-1

[Event "ICS Rated standard match"]
[Site "207.99.5.190"]
[Date "1999.03.13"]
[Round "?"]
[White "TDChess"]
[Black "Hossa"]
[Result "1-0"]
[WhiteElo "2356"]
[BlackElo "2163"]
[Annotator "Crafty v16.5"]
[PlyCount "134"]

{annotating for player Hossa using a scoring margin of +0.10 pawns. search
time limit is 10.00} 1. e4 1... e5 2. Nf3 Nc6 3. Bb5 a6 4. Ba4 Nf6 5. O-O b5 6.
Bb3 Be7 7. a4 Bb7 8. Nc3 O-O 9. d3 b4 10. Nd5 Na5 11. c4 bxc3 12. Nxc3 Nxb3 13.
Qxb3 Rb8 14. Qc4 Bd6 ({8:-0.13} 14... Bd6 15. Bg5 Re8 16. Rac1 Qe7 17. Rfe1 Qe6
18. a5 Qxc4 19. dxc4 $10) ({8:-0.02} 14... d6 15. a5 c6 16. Ne2 d5 17. Qc3 dxe4
18. dxe4 18... Qd6 $10) 15. d4 exd4 16. Qxd4 Re8 ({8:-0.22} 16... Re8 17. e5
Bxf3 18. exd6 Bc6 19. dxc7 Qxc7 20. Bf4 Qb6 21. Qc4 $10) ({8:-0.09} 16... Be7
17. Rd1 c5 18. Qe5 d6 19. Qf5 Qd7 20. Nh4 $10) 17. e5 Bxf3 18. exd6 Bc6 19. Qa7
Bb7 20. Bf4 c6 21. Rae1 Nh5 22. Be3 Qc8 ({9:-0.67} 22... Qc8 23. Qc5 Nf6 24.
Bg5 Re6 25. Rxe6 fxe6 26. Bxf6 gxf6 27. f4 27... Kf7 $14) ({9:-0.53} 22... Re6
23. Bb6 Qc8 24. Bc7 Ra8 25. Qc5 Nf4 26. Qf5 26... Ng6 $14) 23. Qc5 Nf6 24. Bg5
Nd5 25. Bd2 Re6 ({9:-0.65} 25... Re6 26. f4 Nxc3 27. Bxc3 Qf8 28. Rxe6 fxe6 29.
f5 exf5 30. Rxf5 Qe8 31. a5 $14) ({9:-0.51} 25... Nxc3 26. Bxc3 Re6 27. f4 Qf8
28. Rxe6 fxe6 29. f5 exf5 30. Rxf5 Qe8 31. a5 $14) 26. b4 Kh8 27. Kh1 Ba8 28.
Ne4 Qg8 29. Qa7 Rbe8 30. Nc5 Rxd6 31. Nxd7 Rxe1 32. Bxe1 a5 33. Ne5 Rf6 34.
bxa5 Qe8 35. Bd2 h6 36. Re1 Qc8 37. Rb1 Kh7 38. Nf3 Rxf3 39. gxf3 Qf5 40. Rc1
Qxf3+ 41. Kg1 Qd3 42. Qxa8 Qxd2 43. Qxc6 Qxa5 44. Qc2+ g6 45. Qc4 Qd2 46. a5
Qg5+ 47. Kh1 Qf5 48. a6 Qf3+ 49. Kg1 Nb6 50. Qc6 Qg4+ 51. Kh1 Qd4 52. Qf3 Kg7
53. Rc7 Qa1+ 54. Kg2 Qa2 55. Qc3+ Kh7 56. Qc6 Kg7 57. Qxb6 Qd5+ 58. f3 Qa2+ 59.
Kg3 Qd2 60. a7 Qg5+ 61. Kh3 Qh5+ 62. Kg2 Qe5 63. a8=Q Qe2+ 64. Kh1 Qe1+ 65. Qg1
Qxg1+ 66. Kxg1 h5 67. Qe8 Kh7 1-0

[Event "ICS rated standard match"]
[Site "207.99.5.190"]
[Date "1999.03.13"]
[Round "?"]
[White "GarryKasparov"]
[Black "Hossa"]
[Result "0-1"]
[WhiteElo "2005"]
[BlackElo "2155"]
[PlyCount "200"]

1. Nc3 d5 2. d4 Nf6 3. Bg5 Bf5 4. e3 e6 5. Bd3 Bb4 6. Nge2 Bxd3 7. Qxd3 O-O 8.
O-O Nbd7 9. e4 dxe4 10. Nxe4 Be7 11. Nxf6+ Nxf6 12. Rad1 Qd5 13. Bxf6 Bxf6 14.
Nc3 Qa5 15. Ne4 Be7 16. a3 Rad8 17. b4 Qh5 18. Rfe1 Rd7 19. c4 Rfd8 20. Qe3 Qh4
21. Rd2 c6 22. f4 Bd6 23. Rf1 Qg4 24. h3 Qh4 25. Kh2 Be7 26. f5 exf5 27. Rxf5
Bd6+ 28. Nxd6 Rxd6 29. Re5 Rf8 30. Re7 b6 31. a4 a6 32. a5 bxa5 33. bxa5 Rdd8
34. g3 Qh5 35. d5 cxd5 36. Re5 Qg6 37. cxd5 Qd6 38. Re7 Qb4 39. Rd1 Qxa5 40. d6
h5 41. d7 h4 42. gxh4 Qf5 43. Kg2 Kh7 44. Qf3 Qxf3+ 45. Kxf3 a5 46. Re5 Ra8 47.
Rh5+ Kg6 48. Rhd5 Rfd8 49. h5+ Kh6 50. Ke4 a4 51. Rd6+ Kxh5 52. Rf1 f6 53. Kf5
a3 54. Ke6 Rg8 55. Rf5+ Kh4 56. Rf4+ Kxh3 57. Rd3+ Kg2 58. Rd2+ Kg3 59. Rff2
Rab8 60. Rf1 Rbd8 61. Rd3+ Kg2 62. Ra1 Rb8 63. Raxa3 Kf1 64. Rd2 Ke1 65. Rad3
Rgd8 66. Rg2 g5 67. Kxf6 Rb7 68. Rgd2 g4 69. Kf5 Rb4 70. Rd1+ Kf2 71. R3d2+ Kf3
72. Kf6 Re4 73. Rf1+ Ke3 74. Rd5 Ke2 75. Rfd1 g3 76. Kf5 Rc4 77. R5d2+ Kf3 78.
Rd3+ Kg2 79. Kf6 Re4 80. Rc3 Kf2 81. Kf5 Re7 82. Rc2+ Re2 83. Rc4 Re1 84. Rd2+
Ke3 85. Rcc2 Rf1+ 86. Ke6 Rf4 87. Ke7 Rff8 88. Rd6 Rg8 89. Rc3+ Ke4 90. Rd1 g2
91. Rcc1 Ra8 92. Ke6 Ra6+ 93. Kf7 Rd8 94. Rc4+ Ke3 95. Rg4 Kf3 96. Rg5 Ra7 97.
Rd3+ Kf4 98. Rxg2 Rdxd7+ 99. Rxd7 Rxd7+ 100. Ke6 100... Rd8 {
GarryKasparov resigns} 0-1

[Event "ICS rated bullet match"]
[Site "207.99.5.190"]
[Date "1999.03.13"]
[Round "?"]
[White "Tim"]
[Black "Hossa"]
[Result "0-1"]
[WhiteElo "2157"]
[BlackElo "2378"]
[PlyCount "44"]

1. d4 Nf6 2. e4 Nxe4 3. Nc3 Nxc3 4. bxc3 g6 5. Bd3 Bg7 6. Bf4 c5 7. Nf3 cxd4 8.
cxd4 Nc6 9. c3 d6 10. Qd2 Bg4 11. Be4 d5 12. Bd3 Bxf3 13. gxf3 O-O 14. Bh6 Bxh6
15. Qxh6 Qa5 16. Rc1 Nxd4 17. h4 Rac8 18. Kf1 Rxc3 19. Rd1 Qxa2 20. h5 Rxd3 21.
Rxd3 Qb1+ 22. Kg2 22... Qxd3 {Tim resigns} 0-1

[Event "ICS rated bullet match"]
[Site "207.99.5.190"]
[Date "1999.03.13"]
[Round "?"]
[White "Tim"]
[Black "Hossa"]
[Result "0-1"]
[WhiteElo "2166"]
[BlackElo "2385"]
[PlyCount "20"]

1. d4 Nf6 2. Nc3 d5 3. e4 Nxe4 4. Nxe4 dxe4 5. Bc4 Nc6 6. c3 e5 7. d5 Nb8 8. f3
Nd7 9. Be3 f5 10. fxe4 10... Qh4+ {Tim resigns} 0-1

[Event "ICS rated standard match"]
[Site "207.99.5.190"]
[Date "1999.03.13"]
[Round "?"]
[White "Hossa"]
[Black "Mefisto5000"]
[Result "1-0"]
[WhiteElo "2157"]
[BlackElo "1968"]
[PlyCount "99"]

1. e4 d6 2. Bb5+ c6 3. Be2 Nf6 4. Nc3 g6 5. Nf3 Bg7 6. d4 O-O 7. O-O Bg4 8. Bg5
Nbd7 9. Qd2 Qc7 10. Rae1 a6 11. Bh6 b5 12. Bxg7 Kxg7 13. e5 dxe5 14. dxe5 Ng8
15. Qg5 Bxf3 16. Bxf3 e6 17. Re2 Rad8 18. Rd1 Nb6 19. Rxd8 Rxd8 20. Re1 Nd5 21.
Rd1 Nge7 22. Rd3 h6 23. Nxd5 cxd5 24. Rc3 Qd7 25. Qf6+ Kf8 26. Qh8+ Ng8 27. Bd1
Rc8 28. Rf3 d4 29. Qh7 Rc7 30. Qxg6 Qd5 31. Qh5 Qe4 32. Kf1 b4 33. a3 a5 34.
axb4 axb4 35. Rb3 Rc5 36. Rxb4 Rxe5 37. Qe2 Qf4 38. Rb8+ Kg7 39. Qg4+ Qxg4 40.
Bxg4 Rc5 41. Bd1 Nf6 42. Ke2 e5 43. Rb3 e4 44. f3 exf3+ 45. Rxf3 Rb5 46. b3 Nd5
47. Kd3 Rb4 48. Rg3+ Kf6 49. Rg4 Ke5 50. Re4+ {Mefisto5000 resigns} 1-0

[Event "ICS rated standard match"]
[Site "207.99.5.190"]
[Date "1999.03.13"]
[Round "?"]
[White "Mefisto5000"]
[Black "Hossa"]
[Result "0-1"]
[WhiteElo "1960"]
[BlackElo "2165"]
[PlyCount "84"]

1. e4 e5 2. Nf3 Nc6 3. Bc4 Bc5 4. c3 Nf6 5. d4 exd4 6. cxd4 Bb4+ 7. Nc3 Nxe4 8.
O-O Bxc3 9. bxc3 d5 10. Bd3 O-O 11. Qc2 Re8 12. Nd2 Bf5 13. f3 Nxd2 14. Bxf5
Nxf1 15. Bxh7+ Kh8 16. Bd3 Ne3 17. Qf2 Qg5 18. Bd2 Re6 19. f4 Qxg2+ 20. Qxg2
Nxg2 21. Kxg2 Rae8 22. Rf1 Kg8 23. f5 Rd6 24. Rf3 a5 25. a4 Kf8 26. Rg3 Rd7 27.
Kf3 Red8 28. Rg1 Rb8 29. Rb1 Ne7 30. Bc1 b6 31. Ba3 c6 32. Re1 f6 33. c4 dxc4
34. Bxc4 b5 35. axb5 cxb5 36. Be6 Rxd4 37. Bc5 Rd3+ 38. Kf2 Rc3 39. Bd6 Rd8 40.
Bxe7+ Kxe7 41. Bc4+ Kf8 42. Bxb5 42... Rc5 {Mefisto5000 resigns} 0-1

[Event "ICS Rated standard match"]
[Site "207.99.5.190"]
[Date "1999.03.14"]
[Round "?"]
[White "Hossa"]
[Black "TDChess"]
[Result "0-1"]
[WhiteElo "2173"]
[BlackElo "2370"]
[Annotator "Crafty v16.5"]
[PlyCount "103"]

{annotating for player Hossa using a scoring margin of +0.10 pawns. search
time limit is 10.00} 1. e4 1... e6 2. d4 d5 3. Nc3 Bb4 4. exd5 exd5 5. Bd3 Nc6
6. Nge2 Bg4 7. a3 ({8:-0.21} 7. a3 7... Bxc3+ 8. bxc3 Nf6 9. f3 Be6 10. O-O O-O
11. Bf4 11... Re8 $10) ({8:-0.02} 7. f3 7... Be6 8. O-O Nf6 9. Be3 O-O 10. Nf4
Qe7 11. Nxe6 11... Qxe6 $10) 7... Bxc3+ 8. bxc3 Qe7 9. Rb1 O-O-O 10. O-O Nf6
11. Re1 Rde8 12. Qd2 Na5 13. Bb2 g6 14. Ng3 Qd6 15. Qh6 Rhg8 16. Qg5 ({7:+0.16
} 16. Qg5 16... Nc4 17. Bxc4 dxc4 18. f3 Bd7 19. Ne4 Nxe4 20. fxe4 $10) ({
7:+0.27} 16. Rxe8+ 16... Rxe8 17. Qg7 Qe7 18. f3 Be6 19. Bb5 c6 20. Bd3 $10)
16... Bd7 17. Ne2 ({7:+0.02} 17. Ne2 17... Nc4 18. Bxc4 dxc4 19. Qd2 Kb8 20.
Nf4 20... Ne4 $10) ({7:+0.14} 17. Nf1 17... h5 18. f3 Kb8 19. Ne3 c5 20. f4 $10
) 17... Nc4 18. Bxc4 dxc4 19. Qa5 Ng4 20. Ng3 Kb8 21. f3 Nf6 22. Ne4 Nxe4 23.
fxe4 Qc6 24. e5 Bf5 25. Re2 Rd8 26. Bc1 Rd5 27. Qb4 Re8 28. Bg5 Qa6 29. Rf2 Ra5
30. Bc1 h5 31. Qb2 h4 32. Rf4 h3 33. g4 Be6 34. g5 c5 35. Rf2 Rd8 36. Rf3 Ra4
37. Re3 cxd4 38. cxd4 c3 39. Rxc3 Rdxd4 40. Kf2 Rd1 41. Rd3 Rh1 42. Be3 Rxh2+
43. Kg1 Rg2+ 44. Kf1 Qc6 45. Qxb7+ Qxb7 46. Rd8+ Kc7 47. Rxb7+ Kxb7 48. Rh8 Re4
49. a4 Rxe3 50. Rh4 Rxc2 51. a5 Ra3 52. a6+ 0-1

[Event "ICS rated standard match"]
[Site "207.99.5.190"]
[Date "1999.03.14"]
[Round "?"]
[White "TDChess"]
[Black "Hossa"]
[Result "1-0"]
[WhiteElo "2378"]
[BlackElo "2165"]
[Annotator "Crafty v16.5"]
[PlyCount "62"]

{annotating for player Hossa using a scoring margin of +0.10 pawns. search
time limit is 10.00} 1. e4 1... c5 2. Nf3 Nc6 3. Bb5 Qb6 4. Nc3 Nd4 5. Nxd4
cxd4 6. Nd5 Qd6 7. d3 e6 8. Bf4 e5 9. Bd2 Nf6 10. Bb4 Qb8 11. Nxf6+ gxf6 12.
Bd2 Qc7 13. O-O Qb6 14. Bc4 Bb4 15. c3 Be7 16. Qh5 Qxb2 17. Bh6 d5 18. Bxd5 Kd7
19. cxd4 Qxd4 20. Qxf7 Qb6 21. Rab1 Qa6 22. d4 exd4 23. Rfd1 Qd6 24. Rxd4 Kd8
25. Rd2 Rb8 26. Bc6 Qxd2 27. Bxd2 bxc6 28. Rxb8 Kc7 29. Rb3 Bd7 30. Qxe7 Kc8
31. Bf4 Rd8 1-0

[Event "ICS rated standard match"]
[Site "207.99.5.190"]
[Date "1999.03.14"]
[Round "?"]
[White "Hossa"]
[Black "Hungover"]
[Result "1-0"]
[WhiteElo "2158"]
[BlackElo "1903"]
[PlyCount "53"]

1. e4 b6 2. Nf3 Bb7 3. Bd3 g6 4. Bc4 Bg7 5. O-O d6 6. d3 Nd7 7. Ng5 e6 8. Bxe6
fxe6 9. Nxe6 Qe7 10. Nxc7+ Kf8 11. Nxa8 Bxa8 12. Nd2 Ngf6 13. f4 Kf7 14. f5 Re8
15. fxg6+ hxg6 16. Qg4 Ne5 17. Qg5 Kg8 18. d4 Neg4 19. h3 Nh6 20. e5 dxe5 21.
Qxg6 exd4 22. Rxf6 Bxg2 23. Kxg2 Qb7+ 24. Nf3 Re2+ 25. Kf1 Rxc2 26. Qe8+ Kh7
27. Ng5# {Hungover checkmated} 1-0

[Event "ICS rated standard match"]
[Site "207.99.5.190"]
[Date "1999.03.14"]
[Round "?"]
[White "Hossa"]
[Black "TDChess"]
[Result "0-1"]
[WhiteElo "2164"]
[BlackElo "2385"]
[Annotator "Crafty v16.5"]
[PlyCount "129"]

{annotating for player Hossa using a scoring margin of +0.10 pawns. search
time limit is 10.00} 1. e4 1... e6 2. d4 d5 3. Nc3 Bb4 4. exd5 exd5 5. Bd3 Nc6
6. Nge2 Bg4 7. a3 ({8:-0.21} 7. a3 7... Bxc3+ 8. bxc3 Nf6 9. f3 Be6 10. O-O O-O
11. Bf4 11... Re8 $10) ({8:-0.02} 7. f3 7... Be6 8. O-O Nf6 9. Be3 O-O 10. Nf4
Qe7 11. Nxe6 11... Qxe6 $10) 7... Bxc3+ 8. bxc3 Qe7 9. Rb1 O-O-O 10. O-O Nf6
11. Re1 Rhe8 12. Qd2 h6 13. Bb2 Na5 14. Ng3 Qf8 15. Qf4 Rxe1+ 16. Rxe1 Re8 17.
Re3 ({8:-0.02} 17. Re3 17... Nc4 18. Bxc4 dxc4 19. Re5 b6 20. Rb5 Re1+ 21. Nf1
Qd6 22. Qd2 $10) ({8:+0.16} 17. Re5 17... Nc4 18. Bxc4 dxc4 19. f3 Be6 20. Kf2
Bd7 21. Rc5 $10) 17... Rxe3 18. Qxe3 Nc4 19. Bxc4 dxc4 20. Qe5 Qe8 21. Qxe8+
Nxe8 22. f3 Bd7 23. Nf1 g5 24. Kf2 Nd6 25. Ne3 f5 26. g3 g4 27. a4 Bxa4 28.
fxg4 fxg4 29. Nxg4 h5 30. Nf6 h4 31. gxh4 Bxc2 32. h5 Nf7 33. Bc1 a5 34. h6 b5
35. Kg3 b4 36. cxb4 axb4 37. Nd5 b3 38. Kh3 Kd7 39. Kh4 Bd3 40. Kh5 c5 41. dxc5
Kc6 42. Nf4 Kxc5 43. Bb2 Be4 44. Bc3 Kd6 45. Nh3 Bh7 46. Ng5 Nxg5 47. Kxg5 Ke6
48. Bb2 Bd3 49. Ba1 Bc2 50. Bg7 Kd5 51. Kg4 Kc6 52. h3 Kb5 53. Bc3 Ka4 54. Kg5
Ka3 55. Kf6 b2 56. Bxb2+ Kxb2 57. Kg7 c3 58. h4 Bd3 59. h7 Bxh7 60. Kxh7 c2 61.
h5 c1=Q 62. Kg6 Qf4 63. h6 Qf8 64. Kg5 Kc3 65. Kg4 0-1

[Event "ICS rated standard match"]
[Site "207.99.5.190"]
[Date "1999.03.14"]
[Round "?"]
[White "TDChess"]
[Black "Hossa"]
[Result "1-0"]
[WhiteElo "2392"]
[BlackElo "2157"]
[Annotator "Crafty v16.5"]
[PlyCount "70"]

{annotating for player Hossa using a scoring margin of +0.10 pawns. search
time limit is 10.00} 1. e4 1... c5 2. Nf3 Nc6 3. Bb5 Qb6 4. Nc3 Nd4 5. Nxd4
cxd4 6. Nd5 Qd6 7. d3 e6 8. Bf4 e5 9. Bd2 Nf6 10. Bb4 Qb8 11. Nxf6+ gxf6 12.
Bd2 Qc7 13. O-O Qb6 14. a4 Bg7 15. Qg4 Bf8 16. Qh5 Bg7 17. Bb4 Bf8 18. Bxf8
Rxf8 19. f4 Qc5 ({9:-2.11} 19... Qc5 20. fxe5 fxe5 21. b4 Qxb4 22. Qxe5+ Kd8
23. Rab1 Qd2 24. Qd6 24... Re8 $18) ({9:-1.72} 19... exf4 20. Rfb1 Qc7 21. Bc4
d6 22. Qxh7 Bd7 23. Rf1 23... Qb6 $18) 20. Qxh7 Qxc2 ({8:-2.42} 20... Qxc2 21.
fxe5 fxe5 22. Bc4 d5 23. Rf2 Qxf2+ 24. Kxf2 dxc4 25. dxc4 $18) ({8:-1.94} 20...
exf4 21. Qh4 Qxc2 22. Qxf6 Qxb2 23. Qe5+ Kd8 24. Rab1 Qe2 25. Rxf4 $18) 21. Qf5
Rg8 22. Rf2 Qc5 ({8:-3.15} 22... Qc5 23. Qxf6 exf4 24. Rxf4 Qe7 25. Qxd4 Qg5
26. Rf2 26... Qd8 $18) ({8:-2.90} 22... Qc7 23. Qxf6 exf4 24. Rxf4 Rf8 25. Bc4
d6 26. Qxd4 26... Bd7 $18) 23. Qxf6 exf4 24. Rxf4 Qe7 25. Qxd4 Qg5 26. Qf2 Qe7
27. Rf1 Rh8 28. e5 Qe6 29. Rf6 Qxe5 30. Re1 Qxe1+ 31. Qxe1+ Kd8 32. Rxf7 Re8
33. Qh4+ Kc7 34. Qg3+ Kd8 35. Qd6 Re1+ 1-0

[Event "ICS Rated standard match"]
[Site "207.99.5.190"]
[Date "1999.03.14"]
[Round "?"]
[White "Hossa"]
[Black "TDChess"]
[Result "1/2-1/2"]
[WhiteElo "2150"]
[BlackElo "2399"]
[PlyCount "301"]

1. e4 e6 2. d4 d5 3. Nc3 Bb4 4. exd5 exd5 5. Bd3 Nc6 6. Nge2 Bg4 7. a3 Bxc3+ 8.
bxc3 Qe7 9. Rb1 O-O-O 10. O-O Nf6 11. Re1 Rhe8 12. Qd2 h6 13. Bb2 Na5 14. Ng3
Qf8 15. Qf4 Rxe1+ 16. Rxe1 Re8 17. Re5 Bd7 18. Nf5 Re6 19. Rxe6 fxe6 20. Ne3
Qd6 21. Qxd6 cxd6 22. c4 Nxc4 23. Nxc4 dxc4 24. Bxc4 h5 25. f3 b5 26. Bb3 a5
27. c4 a4 28. Ba2 Kb7 29. cxb5 d5 30. Bb1 Bxb5 31. Bc1 Be8 32. Bc2 Ng8 33. Bf4
Ne7 34. Be5 g6 35. f4 Ka7 36. Kf2 Kb6 37. h3 Kb7 38. Ke3 Nc8 39. Kd3 Nb6 40.
Kc3 Nc4 41. Kb4 Nb2 42. Bf6 Ka6 43. Kc5 Nc4 44. Bd3 Kb7 45. Bxc4 dxc4 46. Kxc4
Bc6 47. g3 Bg2 48. Kb5 Bc6+ 49. Kc5 Kc7 50. Be5+ Kd7 51. Bd6 Bg2 52. h4 Be4 53.
Be5 Ke7 54. Kb5 Bc2 55. Ka5 Bb3 56. Ka6 Bd1 57. Kb6 Bf3 58. Kb5 Bd1 59. Kc4
Be2+ 60. Kb4 Bd1 61. Kc3 Bf3 62. Kd3 Bd5 63. Bg7 Kf7 64. Bh8 Bb3 65. Kc3 Ke7
66. Be5 Bd5 67. Kb4 Bb3 68. Kc5 Bd5 69. Kb5 Bb3 70. Kc6 Bd5+ 71. Kc7 Be4 72.
Bg7 Kf7 73. Bh8 Ke7 74. Kb6 Kd6 75. Kb5 Bc6+ 76. Kc4 Bd5+ 77. Kd3 Bb7 78. Ke3
Ke7 79. Ke2 Bc6 80. Be5 Bd5 81. Kd2 Kf7 82. Kc2 Ke7 83. Bg7 Kf7 84. Bh8 Ke7 85.
Kd2 Bf3 86. Be5 Bd5 87. Kd1 Kf7 88. Ke1 Ke7 89. Kf2 Bc4 90. Ke3 Bd5 91. Bg7 Bb7
92. Kd3 Ba6+ 93. Kc3 Bb5 94. Be5 Bc6 95. Kb4 Kd7 96. Kc4 Bd5+ 97. Kb5 Bb3 98.
Kc5 Bd5 99. Bh8 Ke7 100. f5 gxf5 101. Kb5 Bb3 102. Be5 Kd7 103. Bf4 Bc2 104.
Kc5 Be4 105. Bg5 Kc7 106. Bf6 Kb7 107. Be5 Ka6 108. Bf4 Ka7 109. Kb5 Bc2 110.
Be5 Bb3 111. Bd6 Kb7 112. Bf4 Kc8 113. Bh6 Kd8 114. Kc6 Ke7 115. Bg5+ Ke8 116.
Kd6 Bd5 117. Bf4 Kd8 118. Be5 Kc8 119. Bg7 Kb7 120. Kc5 Kc7 121. Be5+ Kd7 122.
Bf6 Bb7 123. Kb4 Bc6 124. Be5 Kc8 125. Kc5 Bd5 126. Bf4 Kd8 127. Kb5 Bb3 128.
Bd6 Ke8 129. Bc7 Bd1 130. Kc6 Bf3+ 131. Kd6 Bd5 132. Bb6 Bc4 133. Bc5 Kd8 134.
Bb4 Bd5 135. Bd2 Kc8 136. Kc5 Kb7 137. Bf4 Ka6 138. Be3 Ba2 139. Bh6 Bd5 140.
Kb4 Bb3 141. Bg5 Kb6 142. Bf6 Kc6 143. Kc3 Kd6 144. Kd3 Bd5 145. Ke3 Kc6 146.
Bg7 Bg2 147. Kf4 Kd7 148. Kg5 Bf3 149. Be5 Ke7 150. Bf4 Kd7 151. Be5 {
Game drawn by the 50 move rule} 1/2-1/2